000 00606nam a2200205Ii 4500
003 JO-AjNU
008 230605s9999||||xx |||||||||||||| ||und||
017 _a1987/11/889
040 _aJO-AjNU
_bara
_erda
_cJO-AjNU
041 _aara
050 1 4 _aPJ7820.A58.A15 1987
100 3 _aتأليف درويش،عيسى,
_eauthor
_915380
245 0 0 _aأقاصيص ديفية
264 3 1 _aدمشق:دار طلاس،1987
300 _a199ص
336 _atext
_btxt
_2rdacontent
337 _aunmediated
_bn
_2rdamedia
338 _avolume
_bnc
_2rdacarrier
650 4 _aالأدب العربي - قصص
_915381
999 _aA4330
_c7898
_d7898